| 000 | 02195nam a22003977a 4500 | ||
|---|---|---|---|
| 003 | OSt | ||
| 005 | 20211208041407.0 | ||
| 008 | 160331b xxu||||| |||| 00| 0 eng d | ||
| 010 | _a 2011000104 | ||
| 016 | 7 |
_a101550643 _2DNLM |
|
| 020 | _a00132137713 | ||
| 035 | _a(OCoLC)ocn695526447 | ||
| 040 |
_aMMU _cMMU _dMMU _bEng |
||
| 042 | _apcc | ||
| 050 |
_aRT89 _b.F527 2012 |
||
| 060 | 0 | 0 | _a2011 D-314 |
| 060 | 1 | 0 | _aWY 105 |
| 082 | 0 | 0 |
_a362.17/3068 _222 |
| 100 | 1 | _aFinkelman, Anita Ward. | |
| 245 | 1 | 0 |
_aLeadership and management for nurses : _bcore competencies for quality care / _cAnita Finkelman. |
| 250 | _a2nd ed. | ||
| 260 |
_aBoston : _bPearson, _cc2012. |
||
| 300 |
_axiv, 537 p. : _bcol. ill. ; _c28 cm. |
||
| 500 | _aRev. ed. of: Leadership and management in nursing / Anita W. Finkelman. c2006. | ||
| 504 | _aIncludes bibliographical references and index. | ||
| 505 | 0 | _aConceptual base for leadership and management -- Health care policy, legal issues, and ethics in health care delivery -- Change and decision making -- Organizational structure for effective care delivery -- Health care financial issues -- Acute care organizations : an example of a health care organization -- Managing patient-centered care -- Diversity and disparities in health care -- Recruitment and retention: meeting staffing requirements -- Consumers and nurses -- Developing interprofessional and intraprofessional teams -- Improving teamwork : collaboraration, coordination, and conflict resolution -- Effective staff communication and working relationships -- Delegation for effective outcomes -- Evidence-based practice and management -- Health care quality: a critical health policy issue -- Implementating health care quality improvement -- Health care informatics and technology. | |
| 650 | 0 |
_aNursing services _xAdministration. |
|
| 650 | 0 | _aLeadership. | |
| 650 | 1 | 2 | _aLeadership. |
| 650 | 1 | 2 | _aNurse Administrators. |
| 650 | 2 | 2 | _aNursing, Supervisory. |
| 730 | 0 | _aLeadership and management in nursing. | |
| 906 |
_a7 _bcbc _corignew _d1 _eecip _f20 _gy-gencatlg |
||
| 942 |
_2lcc _cLOAN LOAN _e2nd ed. |
||
| 999 |
_c16859 _d16859 |
||